Normal view
MARC view
Entry Personal Name
001 - CONTROL NUMBER
- control field: 805022
003 - CONTROL NUMBER IDENTIFIER
- control field: OSt
005 - DATE AND TIME OF LATEST TRANSACTION
- control field: 20250516163548.0
008 - FIXED-LENGTH DATA ELEMENTS
- fixed length control field: 250516|| aca||aabn | a|a d
040 ## - CATALOGING SOURCE
- Original cataloging agency: OSt
- Transcribing agency: OSt
100 ## - HEADING--PERSONAL NAME
- Personal name: ਕੌਸ਼ਲ, ਪਵਨ ਕੁਮਾਰ
670 ## - SOURCE DATA FOUND
- Source citation: Work cat.: (OSt)1424742: ਕੌਸ਼ਲ, ਪਵਨ ਕੁਮਾਰ , ਰਾਜਨੀਤੀ, ਧਰਮ ਅਤੇ ਮਾਨਸਿਕ ਗੁਲਾਮੀ
